000 01551nam a22002657a 4500
005 20160908142723.0
008 150814t2014 ck |||||r|||| 00| 0 spa d
040 _aCO-BoIAVH
_cCO-BoIAVH
041 0 _aspa
044 _ack
090 _aEA-
_b306
100 1 _aCastaño Murillo, Benjamín
245 1 _aSembrar y cosechar leña:
_bManual para el establecimiento de huertos leñeros /
_cBenjamín Castaño Murillo, Fondo Patrimonio Natural y Fundación MarViva
260 3 _aBogotá (Colombia):
_bFundación MarViva,
_c2014.
300 _a28 p.
_bilustraciones, fotografías, color.
_c22 cm.
490 _aProyecto Incentivos a la Conservación, caso piloto Pacífico
505 _aSembrar y cosechar leña, manual para cosechar huertos leñeros. Huertos leñeros. Mapa de los huertos leñeros en el Golfo de Tribugá. Selección de las especies. Tratamiento de las semillas. Los viveros forestales. El manejo de los viveros de producción. Planeación de los huertos leñeros. Zonificación del terreno y diseño del huerto. En el momento de la siembra... Actividades de manejo. Manejo de árboles leñeros.
650 6 _aSiembra
_xProducto forestal
_zGolfo de Tribugá (Colombia)
650 6 _aCosecha
_xProducto forestal
_zGolfo de Tribugá (Colombia)
650 6 _aProducto forestal
_xBuenas prácticas
_zGolfo de Tribugá (Colombia)
650 6 _aHuertos familiares
_vManual
_xProducto forestal
710 2 _aFondo Patrimonio Natural
710 2 _aFundación MarViva
942 _2z
_cFolleto
999 _c17675
_d17675